000 01032nmm a2200301 a 4500
001 ocm0001257074
003 TR-IsHL
005 20201028160201.0
008 150709s2012 tu tur
007 cr cn
020 _a9786055283018
035 _a1257074
_b(N$T)
050 0 4 _aPN6231.N27
_bS25 2012
090 0 4 _aPN6231.N27
_bS25 2012
100 1 _aŞakir, Ziya
245 1 0 _aNasredin Hoca
_h[electronic resource] /
_cZiya Şakir
260 _aİstanbul :
_bAkıl Fikir Yayınları,
_c2012
300 _a211 p.
500 _aEk: Halk klasikleri ve Nasreddin Hoca'nın latifeleri / Ziya Gökalp
_x
650 4 _aDil ve Edebiyat
650 4 _aLanguage and Literature
650 0 _aNasreddin Hoca (Efsanevi karakter)
650 0 _aNasreddin Hoca (Legendary character)
650 0 _aTürk nükte ve mizahı
650 0 _aTurkish wit and humor
650 7 _aHUMOR / Form / Anecdotes & Quotations
_2bisacsh
856 4 0 _uhttp://search.ebscohost.com/login.aspx?direct=true&scope=site&db=e011xww&AN=1257074
999 _c13469
_d13469